[Event "3rd Yerevan Open-A 2021"]
[Site "Yerevan"]
[Date "2021.10.16"]
[Round "3.8"]
[White "Kunal, M.."]
[Black "Shahinyan, David"]
[Result "1-0"]
[WhiteElo "2290"]
[BlackElo "2469"]
[Annotator "ChessBase"]
[PlyCount "153"]
[EventDate "2021.10.14"]
[EventType "swiss"]
[EventCountry "ARM"]
[SourceTitle "playchess.com"]
[Source "ChessBase"]
[SourceQuality "1"]
[TimeControl "40/5400+30:1800+30"]

1. e4 {[%emt 0:00:04]} e6 {[%emt 0:01:55]} 2. d4 {[%emt 0:00:05]} d5 {[%emt 0:00:03]} 3. Nd2 {[%emt 0:00:07]} Nc6 {[%emt 0:00:56]} 4. Ngf3 {[%emt 0:00:12]} Nf6 {[%emt 0:00:22]} 5. e5 {[%emt 0:00:07]} Nd7 {[%emt 0:00:12]} 6. Bb5 {[%emt 0:00:07]} a6 {[%emt 0:02:29]} 7. Bxc6 {[%emt 0:00:06]} bxc6 {[%emt 0:00:02]} 8. c4 {[%emt 0:00:08]} dxc4 {[%emt 0:03:04]} 9. Nxc4 {[%emt 0:00:06]} Nb6 {[%emt 0:04:30]} 10. Na5 {[%emt 0:00:07]} Qd5 {[%emt 0:05:50]} 11. Bd2 {[%emt 0:00:07]} c5 {[%emt 0:03:01]} 12. dxc5 {[%emt 0:00:10]} Bxc5 {[%emt 0:00:23]} 13. O-O {[%emt 0:00:22]} Be7 {[%emt 0:12:16]} 14. Qc2 {[%emt 0:04:00]} Qd7 {[%emt 0:02:52]} 15. Rfd1 {[%emt 0:02:57]} Nd5 {[%emt 0:02:39]} 16. Bg5 {[%emt 0:14:30]} Bxg5 {[%emt 0:11:36]} 17. Nxg5 {[%emt 0:00:11]} h6 {[%emt 0:00:01]} 18. Ne4 {[%emt 0:02:48]} Rb8 {[%emt 0:04:26]} 19. a3 {[%emt 0:04:58]} O-O {[%emt 0:04:37]} 20. b4 {[%emt 0:03:54]} Rb5 {[%emt 0:02:05]} 21. Nc3 {[%emt 0:15:37]} Rb6 {[%emt 0:03:30]} 22. Rac1 {[%emt 0:00:52]} Bb7 {[%emt 0:10:01]} 23. Nxd5 {[%emt 0:07:07]} Bxd5 {[%emt 0:00:53]} 24. Qxc7 {[%emt 0:00:14]} Qb5 {[%emt 0:00:40]} 25. Qc5 {[%emt 0:00:38]} Rfb8 {[%emt 0:02:32]} 26. Qxb5 {[%emt 0:00:16]} Rxb5 {[%emt 0:00:13]} 27. f3 {[%emt 0:04:37]} g5 {[%emt 0:02:42]} 28. Kf2 {[%emt 0:09:32]} Kg7 {[%emt 0:01:48]} 29. Rc7 {[%emt 0:01:04]} Kg6 {[%emt 0:04:51]} 30. Rdc1 {[%emt 0:02:27]} h5 {[%emt 0:01:13]} 31. Ra7 {[%emt 0:04:15]} Ra8 {[%emt 0:01:39]} 32. Rxa8 {[%emt 0:01:20]} Bxa8 {[%emt 0:00:02]} 33. Nc4 {[%emt 0:04:16]} f6 {[%emt 0:04:48]} 34. exf6 {[%emt 0:03:23]} Kxf6 {[%emt 0:00:01]} 35. Ke3 {[%emt 0:04:56]} g4 {[%emt 0:03:01]} 36. Nd6 {[%emt 0:01:42]} Rb6 {[%emt 0:00:29]} 37. Ne4+ {[%emt 0:00:07]} Bxe4 {[%emt 0:00:29]} 38. fxe4 {[%emt 0:04:09]} a5 {[%emt 0:00:17]} 39. Rb1 {[%emt 0:00:07]} axb4 {[%emt 0:01:05]} 40. axb4 {[%emt 0:00:00]} Rb5 {[%emt 0:00:00]} 41. Kd4 {[%emt 0:00:54]} Ke7 {[%emt 0:05:00]} 42. Kc4 {[%emt 0:00:11]} Re5 {[%emt 0:01:39]} 43. b5 {[%emt 0:04:36]} Kd7 {[%emt 0:05:01]} 44. Kd4 {[%emt 0:01:07]} Rg5 {[%emt 0:00:07]} 45. b6 {[%emt 0:00:25]} Kc8 {[%emt 0:00:15]} 46. Rc1+ {[%emt 0:04:49]} Kb7 {[%emt 0:01:37]} 47. Rc5 {[%emt 0:00:05]} Rg8 {[%emt 0:00:35]} 48. Rxh5 {[%emt 0:00:29]} Rd8+ {[%emt 0:01:29]} 49. Ke3 {[%emt 0:01:15]} Kxb6 {[%emt 0:00:48]} 50. Rh6 {[%emt 0:00:35]} Kc5 {[%emt 0:00:17]} 51. Rxe6 {[%emt 0:00:26]} Rh8 {[%emt 0:00:01]} 52. Rg6 {[%emt 0:00:24]} Rxh2 {[%emt 0:00:10]} 53. Rxg4 {[%emt 0:00:11]} Kd6 {[%emt 0:00:11]} 54. Kf3 {[%emt 0:02:01]} Ke5 {[%emt 0:04:41]} 55. Rf4 {[%emt 0:01:26]} Rh1 {[%emt 0:04:09]} 56. Rf5+ {[%emt 0:00:08]} Ke6 {[%emt 0:00:01]} 57. g4 {[%emt 0:00:28]} Re1 {[%emt 0:04:05]} 58. Kf4 {[%emt 0:00:15]} Re2 {[%emt 0:00:04]} 59. e5 {[%emt 0:09:34]} Rf2+ {[%emt 0:01:37]} 60. Kg5 {[%emt 0:00:08]} Rg2 {[%emt 0:00:06]} 61. Kh5 {[%emt 0:00:53]} Rg1 {[%emt 0:00:05]} 62. Rf2 {[%emt 0:00:32]} Ke7 {[%emt 0:03:34]} 63. g5 {[%emt 0:00:26]} Ke6 {[%emt 0:00:09]} 64. Kh6 {[%emt 0:00:14]} Rh1+ {[%emt 0:01:04]} 65. Kg7 {[%emt 0:00:05]} Ke7 {[%emt 0:00:01]} 66. g6 {[%emt 0:00:14]} Rh3 {[%emt 0:00:12]} 67. Kg8 {[%emt 0:00:15]} Rg3 {[%emt 0:00:10]} 68. g7 {[%emt 0:00:09]} Rh3 {[%emt 0:00:02]} 69. Rf7+ {[%emt 0:02:20]} Ke8 {[%emt 0:00:04]} 70. e6 {[%emt 0:00:11]} Rh1 {[%emt 0:00:25]} 71. e7 {[%emt 0:00:23]} Rg1 {[%emt 0:00:31]} 72. Rf8+ {[%emt 0:01:48]} Kxe7 {[%emt 0:00:03]} 73. Rf7+ {[%emt 0:01:34]} Ke8 {[%emt 0:00:04]} 74. Rf6 {[%emt 0:02:37]} Ke7 {[%emt 0:00:48]} 75. Rh6 {[%emt 0:00:19]} Rg2 {[%emt 0:00:06]} 76. Rh1 {[%emt 0:02:18]} Kf6 {[%emt 0:00:06]} 77. Kh8 {[%emt 0:01:00]} 1-0

[Event "3rd Yerevan Open-A 2021"]
[Site "Yerevan"]
[Date "2021.10.16"]
[Round "3.9"]
[White "Pantsulaia, Levan"]
[Black "Yeritsyan, Hayk"]
[Result "1-0"]
[WhiteElo "2570"]
[BlackElo "2268"]
[Annotator "TA"]
[PlyCount "61"]
[EventDate "2021.10.14"]
[EventType "swiss"]
[EventCountry "ARM"]
[SourceTitle "playchess.com"]
[Source "ChessBase"]
[SourceQuality "1"]

{[%evp 10,61,29,22,34,8,26,-16,-17,-6,4,-37,-30,-30,0,-50,0,0,0,14,8,18,43,63,59,52,58,55,89,64,112,93,239,237,240,264,593,371,600,468,466,474,527,533,675,638,813,811,996,535,1447,1469,1429,1361]} 1. Nf3 Nf6 2. g3 g6 3. b3 Bg7 4. Bb2 O-O 5. Bg2 d6 6. d4 b5 {A49: 1 d4 Nf6 2 Nf3 g6 3 g3: Anti-King's Indian systems.} 7. Qd3 $5 {[%mdl 4] Leaves trodden paths.} a6 8. e4 Bb7 {The position is equal.} 9. Nbd2 {[#]} Nfd7 $146 ({Predecessor:} 9... c5 10. dxc5 dxc5 11. Qe2 Nc6 12. e5 Nd7 13. O-O Ncxe5 14. Nxe5 Bxg2 15. Kxg2 Nxe5 16. Bxe5 Bxe5 17. Qxe5 Qxd2 18. Qxe7 {½-½ (41) Rakhmanov,A (2646)-Fedoseev,V (2674) Sochi 2020}) 10. O-O-O c5 11. d5 c4 12. Qe3 Qa5 ({Black should play} 12... Nf6 $15 13. Nd4 (13. bxc4 Nbd7 $11) 13... Ng4) 13. Bxg7 $11 Kxg7 14. Kb2 Rc8 15. c3 Nc5 {Strongly threatening ...Nd3+.} 16. b4 Na4+ 17. Kc2 $1 Qb6 18. Nd4 a5 19. a3 $36 {[%mdl 2048] White is more active.} Nd7 20. Bh3 Rc7 {Loses the game.} (20... Qd8 $16) 21. Bxd7 $18 Rxd7 {[#]} 22. h4 $1 h5 $2 {[#]} (22... h6 {is tougher.} 23. h5 g5) 23. g4 $1 Rh8 $2 (23... e5) 24. gxh5 {White is clearly winning.} Rxh5 25. Nf1 axb4 26. axb4 Bxd5 27. exd5 Rxd5 28. h5 {Threatening mate with hxg6.} Re5 29. Qh3 {Intending hxg6 and mate.} Qb7 30. hxg6 {White threatens Qh8+ and mate.} Qe4+ 31. Kc1 {Weighted Error Value: White=0.25/Black=0.68} 1-0

[Event "3rd Yerevan Open-A 2021"]
[Site "Yerevan"]
[Date "2021.10.16"]
[Round "3.10"]
[White "Vantika Agrawal"]
[Black "Narayanan.S.L"]
[Result "0-1"]
[WhiteElo "2322"]
[BlackElo "2647"]
[Annotator "TA"]
[PlyCount "140"]
[EventDate "2021.10.14"]
[EventType "swiss"]
[EventCountry "ARM"]
[SourceTitle "playchess.com"]
[Source "ChessBase"]
[SourceQuality "1"]

{[%evp 9,140,20,35,35,39,34,34,34,35,25,38,30,40,23,29,24,32,39,39,29,46,45,50,26,26,22,28,0,3,0,0,0,0,-5,0,-16,0,0,0,0,0,0,0,0,20,19,35,35,47,41,54,39,40,50,56,13,15,20,31,19,40,25,120,-68,-79,-83,-83,-71,-73,-98,-98,-168,-175,-175,-176,-176,-176,-176,-166,-195,-164,-203,-200,-270,0,-162,-152,-196,-196,-197,-197,-230,-230,-450,-445,-357,-230,-441,-433,-433,-410,-367,-185,-270,-277,-366,-370,-440,-439,-411,-377,-393,-349,-6678,-12187,-12831,-1316,-5081,-5081,-2768,-1760,-29977,-29978,-29978,-29978,-29978,-29979,-29979,-29980,-29980,-29981,-29981,-29981]} 1. d4 g6 2. c4 Bg7 3. Nf3 d6 4. g3 c5 5. d5 b5 6. cxb5 {A41: 1 d4 d6: Tartakower System and Modern Defence.} Qa5+ 7. Nc3 a6 8. b6 {White is slightly better.} Qxb6 9. Bg2 Nf6 10. O-O O-O 11. Nd2 Nbd7 12. b3 a5 13. Nc4 {[#]} Qd8 $146 ({Predecessor:} 13... Qa6 14. Na4 Ng4 15. Bb2 Bxb2 16. Naxb2 Nge5 17. Nxe5 Nxe5 18. f4 Nd7 19. Rc1 Nb6 {1-0 (53) Keymer,V (2506)-Sjugirov,S (2662) Douglas 2019}) 14. Rb1 Nb6 15. Qc2 Nfd7 16. Bd2 Ne5 17. Nxe5 Bxe5 18. Nd1 a4 19. Bc3 axb3 20. axb3 Nd7 21. Ne3 Ba6 22. Rfe1 Bb5 23. Bxe5 Nxe5 24. b4 c4 25. Qc3 Qb6 26. Nc2 Ra4 27. Ra1 Rb8 28. Nd4 Rxa1 29. Rxa1 Bd7 30. Rb1 e6 31. e3 Rc8 32. b5 exd5 $1 33. Bxd5 Rc5 34. Be4 d5 35. Bc2 h5 (35... Rc8 $11 {keeps the balance.}) 36. Nc6 $2 (36. Ra1 $16) 36... Nxc6 $15 37. bxc6 Qxc6 38. Rb8+ Bc8 $1 39. Qe5 Qc7 40. Qe8+ (40. Qxc7 $17 Rxc7 41. Kf1) 40... Kg7 $19 41. Ra8 Qc6 $1 $36 {[%cal Rc6e8][%mdl 2048] Keeping White busy.} 42. Qe5+ Qf6 $1 {[%cal Rf6e5]} 43. Qe8 Qe6 {[%cal Re6e8]} 44. Qd8 Qc6 $1 {[%cal Rc6a8]} 45. Ra7 Qf6 46. Qe8 c3 $2 (46... Qe6 47. Qd8 $17) (46... Bh3 $19 {And now ...Ra5! would win.} 47. f4 Rc8) 47. h4 $2 ({But not} 47. Ra8 Qe6 $17) (47. e4 $11 {and White has nothing to worry.} Qf3 48. Qe5+ (48. Ra8 d4 $11) 48... Qf6 49. Qe8) 47... Rc4 $1 48. Kg2 d4 $1 49. exd4 {[#]} Be6 50. Kg1 Bd5 {Hoping for ...Qf3.} 51. Qe5 $2 (51. Ra5 Rxd4 52. Qe3) 51... Rxd4 52. Qxf6+ Kxf6 {[%mdl 4096] Endgame KRB-KRB} 53. Ra3 $2 (53. Ra6+ Be6 54. Ra3) 53... Rc4 54. Kf1 Ke5 55. Ke2 Kd4 (55... Be4 $142 56. Ra4 Rxa4 57. Bxa4 Kd4) 56. Ra1 (56. Kd1 {keeps fighting.}) 56... Rc7 57. Rd1+ {[#]} Kc4 $1 58. Ke3 Re7+ 59. Kf4 Be6 60. Re1 Rd7 61. Bxg6 $2 (61. f3) 61... fxg6 62. Rxe6 {KR-KR} Rd5 63. Ke3 c2 64. Rc6+ Kb3 ({Worse is} 64... Rc5 65. Rxc5+ Kxc5 66. Kd2 $11) 65. Ke2 Rd1 {Black mates.} 66. Rb6+ Ka4 67. Rc6 c1=Q 68. Rxc1 Rxc1 69. Ke3 Rc4 70. f3 Kb5 {Weighted Error Value: White=0.37/Black=0.12} 0-1

[Event "3rd Yerevan Open-A 2021"]
[Site "Yerevan"]
[Date "2021.10.16"]
[Round "3.11"]
[White "Paichadze, Luka"]
[Black "Petriashvili, Nikoloz"]
[Result "1/2-1/2"]
[WhiteElo "2566"]
[BlackElo "2432"]
[Annotator "TA"]
[PlyCount "102"]
[EventDate "2021.10.14"]
[EventType "swiss"]
[EventCountry "ARM"]
[SourceTitle "playchess.com"]
[Source "ChessBase"]
[SourceQuality "1"]

{[%evp 15,102,42,43,23,23,15,19,5,15,20,14,15,18,16,37,33,33,17,21,23,14,22,27,0,6,-10,-9,-8,-16,-11,-14,-57,-54,-40,-49,-95,-20,-24,2,7,1,0,8,-2,0,-4,0,-11,-14,-32,-25,-15,0,-37,-25,-68,-67,-68,-73,-85,-86,-117,-93,-93,-49,-53,-45,-90,-66,-81,-74,-100,-100,-100,-93,-93,-94,-93,-83,-114,-131,-133,0,0,0,-122,0,0,0]} 1. e4 {Nielsen,Peter Heine} c5 2. Nf3 Nc6 3. Bb5 e6 4. O-O Nge7 5. Re1 a6 6. Bf1 d5 7. exd5 Nxd5 8. d4 Be7 9. c4 {B30: Sicilian: 2...Nc6 3 Bb5, lines without ...g6.} Nf6 {[%cal Rc5d4]} 10. Be3 cxd4 11. Nxd4 Nxd4 {has lost popularity (11...Bd7).} 12. Bxd4 Bd7 13. Nc3 Bc6 14. a3 a5 15. Qd3 O-O 16. Rad1 Qc7 {[#]} 17. Qe3 $146 ({Predecessor:} 17. Be5 Qb6 18. Qg3 Rfd8 19. Rxd8+ Qxd8 20. Rd1 Qb6 21. Bd4 Qb3 22. Rd3 Qc2 23. b4 axb4 24. axb4 {1-0 (48) Carlsen,M (2872)-Gelfand,B (2740) London 2013 CBM 154 [Nielsen,Peter Heine]}) 17... Ng4 {[%csl Gg4][%cal Rc7h2]} 18. Qh3 Qf4 19. Ne2 (19. Be2 {is more complex.} Nh6 20. Bd3 Bf6 21. Ne2 Qg4 22. Qxg4 Nxg4 23. Bxf6 Nxf6 24. Nc3) 19... Qg5 20. f3 Nh6 21. f4 Qg6 22. Ng3 Rfd8 23. Bd3 Qg4 24. Qxg4 Nxg4 25. Bb6 {[#]} Rd7 (25... Ba4 $1 $17 {[%cal Ra4d1]} 26. Rd2 (26. Bxd8 $2 Bc5+ 27. Kf1 Bxd1 $19) 26... Rd6) 26. Be2 {Threatens to win with Rxd7.} Ra6 27. Rxd7 (27. Bxg4 Rxb6 28. Rxd7 Bxd7 $17) 27... Bxd7 28. Bd4 ({Much worse is} 28. Bxg4 Rxb6 29. Re2 Bf6 $17) 28... Nf6 29. f5 Rc6 30. Rd1 {Strongly threatening Bxf6.} Bc8 31. c5 exf5 32. Bf3 Rc7 33. b4 {Black should prevent Be5.} Kf8 34. Be3 {With the idea Bf4.} g6 35. Bh6+ Ke8 36. Re1 Kd8 37. Be3 Be6 38. Ne2 axb4 39. axb4 Nd5 40. Bd2 Bf6 41. Rc1 Bb2 42. Rc2 Be5 43. Ra2 b6 44. cxb6 Nxb6 45. Ra6 {[#]} Rc2 $1 46. Be3 Nc4 47. Bg5+ Kc7 48. Ra7+ Kc8 (48... Kb6 $17 49. Rb7+ Ka6) 49. Ra8+ $11 Kc7 (49... Kd7 $11) 50. Ra7+ $1 $17 Kc8 (50... Kb6 $17 51. Rb7+ Ka6) 51. Ra8+ $11 Kc7 {Weighted Error Value: White=0.10/Black=0.12} 1/2-1/2

[Event "3rd Yerevan Open-A 2021"]
[Site "Yerevan"]
[Date "2021.10.16"]
[Round "3.12"]
[White "Goganov, Aleksey"]
[Black "Daneshvar, Bardiya"]
[Result "1-0"]
[WhiteElo "2557"]
[BlackElo "2403"]
[Annotator "ChessBase"]
[PlyCount "33"]
[EventDate "2021.10.14"]
[EventType "swiss"]
[EventCountry "ARM"]
[SourceTitle "playchess.com"]
[Source "ChessBase"]
[SourceQuality "1"]
[TimeControl "40/5400+30:1800+30"]

1. d4 {[%emt 0:00:07]} d5 {[%emt 0:00:05]} 2. c4 {[%emt 0:00:04]} e6 {[%emt 0:00:45]} 3. Nf3 {[%emt 0:00:14]} Nf6 {[%emt 0:00:32]} 4. g3 {[%emt 0:00:45]} dxc4 {[%emt 0:03:08]} 5. Bg2 {[%emt 0:02:20]} c6 {[%emt 0:01:48]} 6. a4 {[%emt 0:01:03]} c5 {[%emt 0:04:28]} 7. O-O {[%emt 0:00:07]} Nc6 {[%emt 0:00:24]} 8. dxc5 {[%emt 0:00:10]} Qxd1 {[%emt 0:01:04]} 9. Rxd1 {[%emt 0:00:13]} Bxc5 {[%emt 0:00:44]} 10. Nbd2 {[%emt 0:03:53]} c3 {[%emt 0:17:17]} 11. bxc3 {[%emt 0:03:43]} Bd7 {[%emt 0:02:23]} 12. Nb3 {[%emt 0:01:43]} Be7 {[%emt 0:01:05]} 13. Nfd4 {[%emt 0:05:28]} Rc8 {[%emt 0:15:44]} 14. Nb5 {[%emt 0:03:54]} Nd5 {[%emt 0:09:28]} 15. c4 {[%emt 0:00:55]} Ndb4 {[%emt 0:00:52]} 16. Bb2 {[%emt 0:01:27]} e5 {[%emt 0:03:45]} 17. Rxd7 {[%emt 0:00:57]} 1-0

[Event "3rd Yerevan Open-A 2021"]
[Site "Yerevan"]
[Date "2021.10.17"]
[Round "4.1"]
[White "Mikaelyan, Arman"]
[Black "Gukesh D"]
[Result "1-0"]
[WhiteElo "2487"]
[BlackElo "2640"]
[Annotator "TA"]
[PlyCount "97"]
[EventDate "2021.10.14"]
[EventType "swiss"]
[EventCountry "ARM"]
[SourceTitle "playchess.com"]
[Source "ChessBase"]
[SourceQuality "1"]

{[%evp 9,97,27,26,22,28,24,24,22,23,23,32,21,31,28,26,32,27,27,33,16,24,16,16,3,15,0,8,0,8,0,32,14,13,8,4,9,0,7,35,31,45,22,36,33,36,23,25,23,20,29,134,107,97,77,69,55,156,155,187,187,187,187,188,187,240,237,222,0,212,216,233,233,301,298,314,312,310,314,302,296,347,337,375,395,387,400,387,391,348,229]} 1. d4 Nf6 2. c4 e6 3. Nf3 d5 4. Nc3 a6 5. cxd5 exd5 6. Bg5 {D37: Queen's Gambit Declined: 5 Bf4.} Be6 7. e3 Nbd7 8. Bd3 {White has an edge.} Bd6 9. O-O c6 {9...c6 is better than 9...0-0.} 10. Bf4 Qc7 11. Qd2 O-O 12. h3 Nh5 {[%cal Rh5f4]} 13. Bxd6 Qxd6 {[#]} 14. a4 $146 ({Predecessor:} 14. Na4 Nhf6 15. Qc2 a5 16. a3 b6 17. Rfc1 Rfc8 18. Ne5 g6 19. f4 c5 20. Nc3 cxd4 21. exd4 {½-½ (71) Sethuraman,S (2644)-Sadhwani,R (2555) Biel 2021}) 14... a5 15. Rab1 Nhf6 16. Qc2 Rfe8 17. Rfc1 h6 18. Nd2 Qe7 19. Ne2 Nb6 20. Ng3 Nc8 21. Qc3 Nd6 22. b4 axb4 23. Qxb4 Qd8 24. Nb3 h5 25. a5 h4 26. Ne2 Nfe4 {With the idea ...Bxh3!} 27. Nf4 Bf5 28. a6 $36 {[%mdl 2048] White is more active.} bxa6 29. Na5 Qg5 (29... Nxf2 $1 $11 {keeps the balance.} 30. Kxf2 (30. Bxf5 Nxf5 31. Nxc6 Qg5 $15) 30... Qg5) 30. Qe1 ({And not} 30. Nxc6 Nxf2 31. Bxf5 Nxf5 $11) 30... Nf6 {Strongly threatening ...Qxf4!} 31. Bxf5 Qxf5 32. Nxc6 Nc4 (32... g5 $14 33. Ne2 Nc4) 33. Qb4 $1 $16 {Black must now prevent Ne7+.} Qe4 {[#] White should prevent ...Nxe3!} 34. Nxd5 {[%mdl 576] Remove Defender} Nxd5 35. Qxc4 Rac8 36. Qxa6 Nc3 (36... Rc7 $142 37. Kh1 Rec8) 37. Rb6 $18 Nd5 38. Rbb1 Nc3 $1 {[#]} 39. Na7 {[%cal Ra7c8]} Rc7 {[#]} 40. Qf1 $1 Re6 (40... Rxa7 41. Rxc3) 41. Nb5 Nxb1 42. Nxc7 ({Don't play} 42. Rxc7 Rg6 $18) 42... Rb6 {intending ...Nd2.} 43. Nb5 Nd2 {[#]} 44. Nc3 $1 {[%mdl 512]} Qf5 (44... Qc6 45. Qd3) 45. Qe2 Rb2 {[#]} 46. Ne4 $1 {[%mdl 512]} Nc4 ({Stronger than} 46... Qxe4 47. Rc8+ Qe8 48. Rxe8+ Kh7 49. Qh5#) 47. Qxc4 {Hoping for d5.} Qxe4 48. Qc8+ Kh7 49. Qg4 {Weighted Error Value: White=0.09/Black=0.17} 1-0

[Event "3rd Yerevan Open-A 2021"]
[Site "Yerevan"]
[Date "2021.10.17"]
[Round "4.2"]
[White "Sychev, Klementy"]
[Black "Kunal, M.."]
[Result "1-0"]
[WhiteElo "2555"]
[BlackElo "2290"]
[Annotator "TA"]
[PlyCount "61"]
[EventDate "2021.10.14"]
[EventType "swiss"]
[EventCountry "ARM"]
[SourceTitle "playchess.com"]
[Source "ChessBase"]
[SourceQuality "1"]

{[%evp 14,61,10,14,12,14,26,15,41,26,30,28,19,33,26,15,14,15,38,-16,0,0,-26,0,-24,0,0,0,25,14,75,67,242,243,243,237,375,373,826,821,807,793,755,745,710,448,584,576,559,416]} 1. d4 Nf6 2. c4 e6 3. Nc3 Bb4 4. e3 O-O 5. Bd2 d5 6. Nf3 c5 7. a3 Bxc3 8. Bxc3 cxd4 {E51: Nimzo-Indian: Rubinstein: 4...0-0 5 Nf3 d5.} 9. Nxd4 Nc6 10. cxd5 Nxd5 {The position is equal.} 11. Nxc6 bxc6 {[#]} 12. Bd2 $146 ({Predecessor:} 12. Bd4 Ba6 13. Bxa6 Qa5+ 14. b4 Qxa6 15. Qe2 Qb5 16. Bc5 Rfb8 17. Bd6 Rb7 18. Qxb5 cxb5 {½-½ (55) Das,A (2530)-Gulkov,I (2406) Chess.com INT 2020}) 12... Qb6 13. Qc2 Ba6 14. e4 {Threatens to win with Bxa6.} Bxf1 15. Rxf1 Nc7 16. O-O-O (16. Rc1 $14) 16... c5 $11 17. Be3 Rfc8 18. Kb1 Nb5 {And now ...Nxa3+ would win.} 19. Ka2 Nd4 20. Qc4 {[%cal Re3d4]} e5 21. f4 Rab8 {[#]} (21... exf4 $11 {keeps the balance.} 22. Bxf4 Rf8) 22. Rf2 $1 $16 Nc6 $2 {A mistake that costs the game.} (22... exf4 $14 23. Bxf4 Qb5 24. Qxb5 Rxb5) 23. Rd7 $18 (23. Bxc5 $6 Qb5) 23... Nd8 24. Re7 {[%cal Re7e8]} ({Don't do} 24. fxe5 $6 Rb7) 24... Ne6 (24... h6 {might work better.} 25. Re8+ (25. fxe5 Rc7 $16) (25. Rxe5 Nb7 $16) 25... Kh7 26. Rxe5 (26. fxe5 Qc7 $16) 26... Qb7) 25. f5 Rc7 $2 (25... Qd6) 26. fxe6 {White is clearly winning.} Rxe7 27. exf7+ Kf8 28. Bxc5 {[%mdl 64] [#] Double Attack} Qc7 29. Rd2 g6 30. Qd5 {aiming for Bd6!} Rc8 31. Bd6 {Weighted Error Value: White=0.16/Black=0.37} 1-0

[Event "3rd Yerevan Open-A 2021"]
[Site "Yerevan"]
[Date "2021.10.17"]
[Round "4.3"]
[White "Daghli, Arash"]
[Black "Goganov, Aleksey"]
[Result "1/2-1/2"]
[WhiteElo "2427"]
[BlackElo "2557"]
[Annotator "TA"]
[PlyCount "93"]
[EventDate "2021.10.14"]
[EventType "swiss"]
[EventCountry "ARM"]
[SourceTitle "playchess.com"]
[Source "ChessBase"]
[SourceQuality "1"]

{[%evp 9,93,6,24,-2,-2,0,1,0,0,0,0,1,8,8,8,2,27,11,14,10,20,16,27,-9,0,-2,11,0,0,0,6,2,35,27,39,29,37,45,28,52,47,50,47,6,9,9,9,9,30,16,27,0,13,9,100,0,140,156,148,125,432,429,580,582,570,497,514,482,356,350,783,634,2722,2504,29973,29975,29976,29977,29977,29977,29986,29987,29988,29989,29990,29991]} 1. e4 e5 2. Nf3 Nc6 3. Bb5 Nf6 4. O-O Nxe4 5. Re1 Nd6 6. a4 {C67: Ruy Lopez: Berlin Defence: 4 0-0 Nxe4.} Be7 7. Nc3 a6 8. Bf1 {The position is equal.} e4 9. Nxe4 Nxe4 10. Rxe4 d5 11. Re1 O-O 12. d4 Bf5 {[#]} 13. Bd3 $146 ({Predecessor:} 13. c3 Bd6 14. b4 a5 15. b5 Ne7 16. Nh4 Be6 17. Bd3 Ng6 18. Nxg6 hxg6 19. Rxe6 fxe6 {½-½ (25) Asis Gargatagli,H (2475)-Lopez Martinez,J (2524) Linares 2021}) 13... Qd7 14. Bf4 Bxd3 15. Qxd3 Bd6 16. Bd2 Rae8 17. Qb3 b6 18. Kf1 Qf5 19. h3 Re4 20. g4 Qe6 21. Ng5 Rxe1+ ({Don't play} 21... Nxd4 $6 22. Qd3 $16) 22. Rxe1 Qg6 23. Qxd5 Qxc2 {[#]} 24. Re8 $1 Nd8 {[#]} 25. Rxd8 Rxd8 26. Qxf7+ Kh8 {[#]} 27. Qe6 $1 $40 {[%mdl 128] White attacks.} Rf8 ({Weaker is} 27... Qxd2 28. Nf7+ Kg8 29. Nxd8+ Kh8 30. Qe8+ Bf8 31. Qxf8#) 28. Nf7+ $1 Rxf7 $1 29. Qxf7 {Qe8+ would kill now.} Qxa4 30. g5 {Black must now prevent Bf4.} (30. d5 {keeps more tension.} Qe4 31. Bc3 Qb1+ 32. Kg2 Qe4+ 33. Qf3) 30... Qc6 31. Qe6 {White threatens Qc8+ and mate.} Qa8 (31... Qf3 $11 {keeps the balance.}) 32. f4 ({White should play} 32. d5 $16) 32... Qg8 (32... Qf3+ $11 {remains equal.} 33. Ke1 Qh1+ 34. Ke2 Bf8) 33. d5 $16 Qxe6 34. dxe6 {[%mdl 4096] Endgame KB-KB} Kg8 $2 {[%mdl 8192] Black cannot hold the game after this.} (34... g6 $16 {is tougher.}) 35. f5 $18 Be5 36. b3 Kf8 37. Ke2 Ke7 {next ...g6 is good for Black.} 38. Kd3 g6 39. Ke4 Bb2 (39... Bg3 40. Bc3 Bh4) 40. h4 gxf5+ 41. Kxf5 c5 42. h5 {White mates.} b5 43. g6 hxg6+ 44. hxg6 c4 45. bxc4 bxc4 46. Bg5+ Kf8 47. e7+ {[%mdl 32768] Weighted Error Value: White=0.07/Black=0.52. An unexpected result.} 1/2-1/2

[Event "3rd Yerevan Open-A 2021"]
[Site "Yerevan"]
[Date "2021.10.17"]
[Round "4.4"]
[White "Narayanan.S.L"]
[Black "Sturt, Raven"]
[Result "1-0"]
[WhiteElo "2647"]
[BlackElo "2485"]
[Annotator "TA"]
[PlyCount "71"]
[EventDate "2021.10.14"]
[EventType "swiss"]
[EventCountry "ARM"]
[SourceTitle "playchess.com"]
[Source "ChessBase"]
[SourceQuality "1"]

{[%evp 19,71,0,0,0,21,21,33,26,25,0,9,12,11,11,23,16,27,20,15,25,39,28,38,27,48,15,86,48,91,88,95,93,108,114,105,90,214,240,212,221,378,372,363,353,513,505,492,366,920,911,29979,29980,29955,29947]} 1. d4 d5 2. c4 c6 3. Nf3 Nf6 4. Nc3 e6 5. e3 Nbd7 6. Qc2 Bd6 7. b3 O-O 8. Be2 b6 9. O-O Bb7 10. Bb2 Qe7 11. a4 {[%cal Ba2a4,Ba4a5,Ba5a6][%mdl 32] D45: Semi-Slav: 5 e3.} Rac8 {[#] 11...a6 is becoming the main line.} 12. a5 $146 ({Predecessor:} 12. e4 dxe4 13. Nxe4 Nxe4 14. Qxe4 Nf6 15. Qh4 c5 16. Rfe1 Ne4 17. d5 Qxh4 18. Nxh4 {½-½ (45) Katalov,A-Zitinskas,L (1820) Lithuania 2012}) 12... Bb8 13. Rfc1 {White is slightly better.} c5 14. a6 Ba8 15. cxd5 exd5 16. Qf5 Qe6 17. Bd3 g6 18. Qxe6 fxe6 19. Nb5 Ne4 20. Rc2 cxd4 21. Rxc8 ({Much weaker is} 21. Bxd4 Nec5 $17) 21... Rxc8 22. exd4 Nd6 (22... g5 $11 {keeps the balance.}) 23. Ba3 Nxb5 24. Bxb5 Nf6 25. Ng5 e5 26. dxe5 Bxe5 27. Re1 Ne4 {Loses the game.} (27... Bf4 $16 {is a better defense.}) 28. Nxe4 $18 dxe4 {[#]} 29. Rd1 Kf7 $2 (29... h5 30. h3 g5) 30. Rd7+ {[%mdl 64] Double Attack} Kf6 {intending ...Rc7.} 31. Rxa7 Bc6 (31... Bd4 {was necessary.} 32. Kf1 g5) 32. Bxc6 Rxc6 33. Ra8 Kg5 $2 (33... Rc2 34. Rf8+ Ke6) 34. Re8 Bd6 {[#]} 35. a7 $1 Bxa3 36. h4+ {[%mdl 64] Promotion.  Weighted Error Value: White=0.11/Black=0.65} 1-0